Catálogo - Centro de Recursos para el Aprendizaje y la Investigación

Volver al Sitio - CRAI Biblioteca

1, 2, 3 lindas poesías para ti / (Registro nro. 113427)

Detalles MARC
000 -CABECERA
campo de control de longitud fija 01154nam a22002777a 4500
001 - NÚMERO DE CONTROL
campo de control 113427
003 - IDENTIFICADOR DEL NÚMERO DE CONTROL
campo de control DR-UNIBE
005 - FECHA Y HORA DE LA ÚLTIMA TRANSACCIÓN
campo de control 20250409150107.0
008 - DATOS DE LONGITUD FIJA--INFORMACIÓN GENERAL
campo de control de longitud fija 250409b2024 dr ||||| |||| 00| 1 spa d
020 ## - NÚMERO INTERNACIONAL ESTÁNDAR DEL LIBRO
Número Internacional Estándar del Libro 9789945223408
040 ## - FUENTE DE LA CATALOGACIÓN
Centro catalogador/agencia de origen BIBLIOTECA UNIBE
Lengua de catalogación spa
Centro/agencia transcriptor BIBLIOTECA UNIBE
Normas de descripción rda
041 ## - CÓDIGO DE LENGUA
Código de lengua del texto/banda sonora o título independiente spa
090 ## - LOCALMENTE ASIGNADO TIPO-LC NÚMERO DE CLASIFICACIÓN (OCLC); NÚMERO DE CLASIFICACIÓN LOCAL (RLIN)
Número de clasificación (OCLC) (R) ; Numero de clasificación, CALL (RLIN) (NR) FBIU-EB PI R175u
100 10 - ENTRADA PRINCIPAL--NOMBRE DE PERSONA
Nombre de persona Ramos Miranda, Evelyn
9 (RLIN) 194067
Término indicativo de función/relación autor
245 14 - MENCIÓN DE TÍTULO
Título 1, 2, 3 lindas poesías para ti /
Mención de responsabilidad, etc. Evelyn Ramos Miranda; corrección de estilo: Elena Ramos; ilustraciones, diagramación y cubierta: Frank Figueroa Malvar; colaboración: Venus Arthemys Azul Ramos Ureña
250 ## - MENCIÓN DE EDICIÓN
Mención de edición Primera edición
260 ## - PUBLICACIÓN, DISTRIBUCIÓN, ETC.
Lugar de publicación, distribución, etc. Santo Domingo :
Nombre del editor, distribuidor, etc. Editora Búho,
Fecha de publicación, distribución, etc. 2024
300 ## - DESCRIPCIÓN FÍSICA
Extensión 39 páginas :
Otras características físicas ilustraciones a color ;
Dimensiones 28 x 21 cm
500 ## - NOTA GENERAL
Nota general Comentario de la obra en la contraportada
653 #7 - TÉRMINO DE INDIZACIÓN--NO CONTROLADO
Término no controlado Poesias infantiles dominicanas
653 #7 - TÉRMINO DE INDIZACIÓN--NO CONTROLADO
Término no controlado Literatura infantil dominicana
700 10 - PUNTO DE ACCESO ADICIONAL--NOMBRE DE PERSONA
Nombre de persona Ramos, Elena
9 (RLIN) 194068
Término indicativo de función/relación corrector de estilo
700 10 - PUNTO DE ACCESO ADICIONAL--NOMBRE DE PERSONA
Nombre de persona Figueroa Malvar, Frank
9 (RLIN) 194069
Término indicativo de función/relación ilustrador
-- diseñador de cubierta
-- diagramador
700 #0 - PUNTO DE ACCESO ADICIONAL--NOMBRE DE PERSONA
Nombre de persona Ureña Ramos, Venus Arthemys Azul
9 (RLIN) 194072
Término indicativo de función/relación colaborador
942 ## - ELEMENTOS DE PUNTO DE ACCESO ADICIONAL (KOHA)
Fuente del sistema de clasificación o colocación Sistema de Clasificación Decimal Dewey
Tipo de ítem Koha Libro (general)
Existencias
Estado de retiro Estado de pérdida Fuente del sistema de clasificación o colocación No para préstamo Código de colección Localización permanente Fecha de adquisición Total de préstamos Signatura topográfica completa Código de barras Fecha visto por última vez Número de copia Precio válido a partir de Tipo de ítem Koha
  Disponible Sistema de Clasificación Decimal Dewey No se presta Fondo Bibliográfico IBBY-UNIBE Biblioteca Central UNIBE 09/04/2025   FBIU-EB PI R175u FBIU0869 09/04/2025 Ej.1 09/04/2025 Libro (reserva)